| 000 | 00904nam a2200253Ia 4500 | ||
|---|---|---|---|
| 003 | OSt | ||
| 005 | 20221005111831.0 | ||
| 006 | a|||||r|||| 00| 0 | ||
| 007 | ta | ||
| 008 | 221004b |||||||| |||| 00| 0 hin d | ||
| 024 | _a107961 | ||
| 037 | _cTextual | ||
| 040 |
_aCRL _cCRL _bhin |
||
| 041 |
_2hin _ahin |
||
| 082 | _aO152,1:gK, K0 | ||
| 100 | _aटंडन, प्रेमनारायण, संपा. | ||
| 245 | 0 | _aप्राचीन कवियों की काव्य कला | |
| 246 | _aPrāchīn kaviyoan kī kāvya kalā | ||
| 260 |
_aलखनऊ _bहिंदी साहित्य भंडार भारत _c1960 |
||
| 300 |
_a200पृ0 _ccm. |
||
| 650 | _aहिन्दी साहित्य | ||
| 942 |
_hO152,1:gK, K0 _cTEXL _2cc |
||
| 999 |
_c1023050 _d1023050 |
||